00362nam a2200097Ia 4500008004100000040002900041050002700070100001500097245011900112260003300231230222s9999||||xx |||||||||||||| ||und|| cChuka University Library aTHE HV 5825 bN58 2016 aNJURA,J.C. 0aSelected factors contributing to relapse among drug and substance addicts in rehabilitation centres in Embu county aC.U.bChuka Universityc2016